1890 1658 1534 1952 1821 1779 1641 1850 1211 1217 1093 1226 1216 1870 1065 1396 1212 1608 1096 1607 1000 1496 1027 1975 1920 1375 1115 1938 1564 1906 1453 1584 1356 1411 1751 1369 1402 1393 1210 1668 1560 1142 1644 1007 1887 1837 1215 1004 1612 1023 1432 1114 1257 1263 1875 1598 1975 1109 1820 1826 1030 1045 1082 1817 1465 1056 1232 1731 1678 1957 1926 1987 1294 1518 1213 1820 1005 1490 1915 1782 1146 1276 1008 1868 1001 1238 1379 1827 1321 1787 1688 1778 1471 1781 1574 1765 1400 1098 1047 BCNSPRNW ULIB Ver.6.0+V

เปลี่ยนเป็นภาษาไทย

Change to English
 แสดงรายละเอียดบรรณานุกรม
  กลับหน้าหลัก

Brief Record : Get Marc (ISO 2709) : E-mail record : QR code < ปิดหน้าต่าง
LEADER : 00000nam 2200000uu 4500
001    13399120054
003     ULIB
008    120824s2551||||th 000 0 tha d
020    ^a9789740535645 (ล.1)
060 04 ^aWB327^bพ686ร ล.1
100 0  ^aพินิจ ลิ้มสุคนธ์
245 10 ^aรู้ทันโรค-รู้ทันหมอ /^cพินิจ ลิ้มสุคนธ์
250    ^aพิมพ์ครั้งที่ 1
260    ^aกรุงเทพฯ :^bเดอะโนว์เลจเซ็นเตอร์,^c2551
300    ^a2 เล่ม :^bภาพประกอบ ;^c21 ซม.
650  7 ^aการดูแลสุขภาพด้วยตนเอง
650  7 ^aการรักษาโรค
650  7 ^aการรักษาโรค^vรวมเรื่อง
650  7 ^aโรค^xการป้องกันและควบคุม
650  7 ^aโรค^vรวมเรื่อง
945    ^p195^l0^i15229
995    ^aทศพร
999    ^aทศพร เกษรทอง
รายการนี้ยังไม่มีแท็ก
คุณยังไม่ได้ล็อกอิน คุณสามารถมีกิจกรรมร่วมกับเว็บไซต์ได้ แต่ต้องล็อกอินก่อน ::
  ล็อกอิน

รายการสื่อสารสนเทศ

ลำดับที่ ประเภท เลขเรียก/บาร์โค้ด สถานที่ สถานะ
1. วิทยาศาสตร์การแพทย์ และสุขภาพ
วิทยาศาสตร์การแพทย์ และสุขภาพ
WB327 พ686ร ล.1 ฉ.1 
  Barcode: 15229
ห้องสมุดวิทยาเขตสวรรค์ประชารักษ์
►ส่วนจัดเก็บหนังสือเก่า สปร
บนชั้น
  ขอยืม

รายการใกล้เคียง
    ผู้แต่ง [พินิจ ลิ้มสุคนธ์]

    หัวเรื่อง [การดูแลสุขภาพด้วยตนเอง]
    หัวเรื่อง [การรักษาโรค]

BibComment


ยังไม่เคยถูกคอมเมนท์

คอมเมนท์ทรัพยากรรายการนี้
  คอมเมนท์: รู้ทันโรครู้ทันห..


 Copyright 2026. Bcnsprnw @Library